[Event "Mistrzostwa Polski Juniorek Mlodszych do lat 14 - OOM Zachodniopomorskie 2023"]
[Site "Darlowek"]
[Date "1899-12-30"]
[Round "5.19"]
[White "Strzoda, Natalia"]
[Black "Dzierzgowska, Jagoda"]
[Result "1/2-1/2"]
[WhiteTitle "I"]
[BlackTitle "I"]
[WhiteElo "1348"]
[BlackElo "1219"]

1. e4 e6 2. d4 d5 3. Nd2 c5 4. exd5 exd5 5. Ngf3 Nf6 6. Bb5+ Nc6 7. O-O Be7 8.
Bxc6+ bxc6 9. dxc5 Bxc5 10. Re1+ Be7 11. Qe2 Rb8 12. Nb3 Kf8 13. Be3 a5 14. Bd4
a4 15. Nc5 Bg4 16. Nxa4 Ne4 17. Nc3 Nxc3 18. Bxc3 d4 19. Bxd4 Bxf3 20. gxf3 Bd6
21. Be5 Qg5+ 22. Kh1 Bxe5 23. Qxe5 Qxe5 24. Rxe5 Rxb2 25. Rc5 Rb6 26. Re1 g6 27.
Re4 Kg7 28. Ra4 Rc8 29. Ra7 Rb5 30. Rc3 h5 31. Rc4 c5 32. Rf4 Rf8 33. Kg2 g5 34.
Rf5 Kg6 35. Rd5 Rc8 36. Ra6+ f6 37. a3 Rb2 38. Rd2 Ra2 39. Rdd6 Rf8 40. Rd2 Rc8
41. Kg3 c4 42. h4 Rc5 43. f4 gxh4+ 44. Kxh4 c3 45. Re2 Rd5 46. Rc6 Rxa3 47. Re3
Rd4 48. Kg3 Raa4 49. Rf3 Rdc4 1/2-1/2

[Event "Mistrzostwa Polski Juniorek Mlodszych do lat 14 - OOM Zachodniopomorskie 2023"]
[Site "Darlowek"]
[Date "1899-12-30"]
[Round "5.20"]
[White "Miklosz, Malgorzata"]
[Black "Rduch, Diana"]
[Result "1-0"]
[WhiteTitle "I"]
[BlackTitle "I"]
[WhiteElo "1226"]
[BlackElo "1128"]

1. e4 c5 2. Nf3 g6 3. d4 cxd4 4. Qxd4 Nf6 5. Nc3 Nc6 6. Qa4 d6 7. e5 Ng4 8. Bb5
Ngxe5 9. Nxe5 dxe5 10. Bxc6+ bxc6 11. Qxc6+ Bd7 12. Qc5 Bg7 13. Bg5 f6 14. Be3
Qb6 15. Qxb6 axb6 16. Nd5 Rc8 17. c3 b5 18. Nb6 Rb8 19. O-O-O Be6 20. Nd5 Kf7
21. Bc5 Rhc8 22. Bb4 Rb7 23. b3 f5 24. g3 e4 25. Kb2 Rd8 26. Nf4 Rbd7 27. Kc2
Bh6 28. h4 Bxf4 29. gxf4 h5 30. Rxd7 Rxd7 31. Rd1 Kf6 32. Bc5 Rxd1 33. Kxd1 Bd7
34. Bd4+ Ke6 35. c4 bxc4 36. bxc4 Kd6 37. Kd2 Be6 38. Kc3 Kc6 39. Kb4 Bf7 40.
a3 Bg8 41. Bc5 Bf7 42. Bxe7 Bg8 43. Kc3 Kd7 44. Bb4 Bf7 45. Kd4 Kc6 46. a4 Kb6
47. Bc3 Be6 48. Bb4 Bf7 49. a5+ Ka6 50. Be1 Be6 51. Kc5 Bf7 52. Kb4 Be6 53. Bd2
Bf7 54. Be3 Be6 55. Bb6 Bf7 56. Kc5 Be6 57. Kd4 Bf7 58. c5 Kb7 59. Ke5 Bc4 60.
Kf6 Be2 61. Kxg6 Bg4 62. Kf6 Bh3 63. Ke6 Bg4 64. Kd6 Be2 65. c6+ Kc8 66. Ke5 Bg4
67. a6 e3 68. a7 e2 69. a8=Q# 1-0

[Event "Mistrzostwa Polski Juniorek Mlodszych do lat 14 - OOM Zachodniopomorskie 2023"]
[Site "Darlowek"]
[Date "1899-12-30"]
[Round "5.21"]
[White "Swiderska, Jagoda"]
[Black "Kawala, Camilla"]
[Result "1/2-1/2"]
[WhiteTitle "I"]
[BlackTitle "II"]
[WhiteElo "1186"]
[BlackElo "1110"]

1. e4 e5 2. Nc3 Nf6 3. f4 d6 4. Nf3 exf4 5. d4 Bg4 6. Be2 Nbd7 7. O-O Be7 8. Bxf4
h6 9. h3 Bh5 10. Qe1 Nb6 11. Rd1 Nfd7 12. Qg3 Bg6 13. Bd3 Rg8 14. e5 Bxd3 15.
Rxd3 dxe5 16. dxe5 g5 17. e6 fxe6 18. Bxc7 Qc8 19. Bxb6 Nxb6 20. Qg4 Qc5+ 21.
Kh1 Qf5 22. Qe4 Qxe4 23. Nxe4 Rd8 24. Rxd8+ Kxd8 25. Nd4 Kd7 26. Rd1 Nd5 27. Nb5
a6 28. c4 axb5 29. cxd5 exd5 30. Rxd5+ Kc6 31. Re5 Bb4 1/2-1/2

[Event "Mistrzostwa Polski Juniorek Mlodszych do lat 14 - OOM Zachodniopomorskie 2023"]
[Site "Darlowek"]
[Date "1899-12-30"]
[Round "5.22"]
[White "Kaminska, Zuzanna"]
[Black "Bastrzyk, Kinga"]
[Result "0-1"]
[WhiteTitle "II"]
[BlackTitle "II+"]
[WhiteElo "1040"]
[BlackElo "1175"]

1. e4 c5 2. Nf3 Nc6 3. d4 cxd4 4. Nxd4 Nf6 5. Nc3 e5 6. Ndb5 d6 7. Nd5 Nxd5 8.
exd5 Nb8 9. c4 Be7 10. Be3 a6 11. Qa4 O-O 12. O-O-O f5 13. Qa3 b6 14. f4 Bb7 15.
Nc3 Nd7 16. Qb3 e4 17. Be2 Nc5 18. Bxc5 dxc5 19. Rhf1 Qd6 20. Kb1 Bc8 21. g4 Bf6
22. g5 Bd4 23. h4 Rb8 24. Bh5 g6 25. Be2 Bd7 26. h5 Kg7 27. h6+ Kg8 28. Qa3 Be3
29. Nb5 axb5 30. Qxe3 bxc4 31. Qc3 Rf7 32. Bxc4 Rd8 33. Bb3 Bb5 34. Rfe1 Bd3+
35. Ka1 b5 36. Bc2 c4 37. Bxd3 cxd3 38. Qa5 Qxd5 39. Rd2 Ra8 0-1

[Event "Mistrzostwa Polski Juniorek Mlodszych do lat 14 - OOM Zachodniopomorskie 2023"]
[Site "Darlowek"]
[Date "1899-12-30"]
[Round "5.23"]
[White "Woytitzki, Sophie"]
[Black "Lecka, Hanna"]
[Result "1-0"]
[WhiteTitle "II"]
[BlackTitle "II+"]
[WhiteElo "1156"]
[BlackElo "1105"]

1. e4 c6 2. d4 d5 3. Nc3 dxe4 4. Nxe4 Bf5 5. Ng3 Bg6 6. h4 h6 7. h5 Bh7 8. Nf3
e6 9. Bd3 Bxd3 10. Qxd3 c5 11. Be3 cxd4 12. Bxd4 Nc6 13. O-O-O Nxd4 14. Nxd4 Bc5
15. Qb5+ Kf8 16. Qxc5+ Qe7 17. Qxe7+ Nxe7 18. Rhe1 Re8 19. a4 g6 20. b4 Nf5 21.
Ngxf5 gxf5 22. a5 a6 23. c4 Rc8 24. c5 Rg8 25. g3 Rg5 26. Rxe6 fxe6 27. Nxe6+
Ke7 28. Nxg5 hxg5 29. Rd6 Rh8 30. Rb6 Rb8 31. h6 Kf7 32. c6 Kg8 33. Rxb7 Rc8 34.
Rg7+ Kh8 35. c7 f4 36. Rd7 fxg3 37. fxg3 g4 38. Rd8+ Rxd8 39. cxd8=Q+ Kh7 40.
Qg5 Kh8 41. Qg7# 1-0

[Event "Mistrzostwa Polski Juniorek Mlodszych do lat 14 - OOM Zachodniopomorskie 2023"]
[Site "Darlowek"]
[Date "1899-12-30"]
[Round "5.24"]
[White "Szczap, Malgorzata"]
[Black "Socha, Maja"]
[Result "0-1"]
[WhiteTitle "II"]
[BlackTitle "II+"]
[WhiteElo "1103"]
[BlackElo "1073"]

1. e4 c5 2. c4 Nc6 3. Nc3 g6 4. g3 Bg7 5. Bg2 d6 6. Nge2 Nf6 7. O-O O-O 8. h3 e5
9. d3 Bd7 10. f4 Nd4 11. g4 Rb8 12. b3 a6 13. f5 h6 14. Nxd4 cxd4 15. Ne2 b5 16.
Ng3 Nh7 17. Bd2 a5 18. Qc1 b4 19. Bxh6 Qh4 20. Bxg7 Kxg7 21. Qe1 Qh6 22. h4 Kg8
23. h5 Nf6 24. Qc1 Qxc1 25. Rfxc1 Nxg4 26. hxg6 fxg6 27. fxg6 Kg7 28. Bh3 Rf3
29. Kg2 Rxd3 30. Bxg4 Bxg4 31. Nf5+ Bxf5 32. exf5 Rf8 33. Rf1 e4 34. Rae1 Rd2+
35. Kg3 e3 36. Kg4 Rxa2 37. Kg5 Rg2+ 38. Kf4 e2 39. Rg1 Rxg1 40. Rxg1 Re8 41.
f6+ Kxf6 42. g7 Rg8 43. Re1 d3 44. Ke3 Rxg7 45. Kxd3 Rg3+ 46. Kxe2 Rxb3 47. Ra1
Ra3 48. Rc1 b3 49. Kd2 Ra2+ 50. Kc3 a4 51. Rb1 Ke6 52. Re1+ Kd7 53. Rb1 Kc6 54.
Rb2 Rxb2 55. Kxb2 Kb6 56. Ka3 Ka5 57. Kb2 Kb4 58. Kb1 a3 59. Ka1 Kc3 60. Kb1 a2+
61. Ka1 b2+ 62. Kxa2 Kc2 63. Ka3 b1=Q 64. Ka4 Kc3 65. Ka5 Kxc4 66. Ka6 Kc5 67.
Ka7 Kc6 68. Ka6 Qb6# 0-1

[Event "Mistrzostwa Polski Juniorek Mlodszych do lat 14 - OOM Zachodniopomorskie 2023"]
[Site "Darlowek"]
[Date "1899-12-30"]
[Round "5.25"]
[White "Gancarz, Julia"]
[Black "Cheda, Julia"]
[Result "1/2-1/2"]
[WhiteTitle "II"]
[BlackTitle "II"]
[WhiteElo "1057"]
[BlackElo "1068"]

1. e4 c6 2. d4 d5 3. e5 Bf5 4. g4 Bd7 5. Bd3 e6 6. c3 c5 7. dxc5 Bxc5 8. Nd2 Nc6
9. Nb3 Bb6 10. Qe2 Na5 11. Nxa5 Bxa5 12. Be3 Bc6 13. O-O-O d4 14. Bb5 Qb6 15.
Bxc6+ Qxc6 16. Bxd4 Bc7 17. Qf3 Qa6 18. a3 Ne7 19. h4 Nc6 20. Qe4 Qb5 21. Nf3
Na5 22. Qd3 Qd5 23. Be3 Qc6 24. Rhe1 b6 25. Ng1 Nb3+ 26. Kb1 Na5 27. Re2 Rd8 28.
Qc2 Rxd1+ 29. Qxd1 Qe4+ 30. Ka1 Qxg4 31. Rd2 Qxd1+ 32. Rxd1 Bxe5 33. Nf3 Bc7 34.
Bd4 Nb3+ 35. Ka2 Nxd4 36. Rxd4 b5 37. c4 bxc4 38. Rxc4 Kd8 39. Ng5 Rf8 40. Nxh7
Re8 41. Ng5 f6 42. Nh3 Re7 43. Rg4 Rd7 44. Nf4 Bxf4 45. Rxf4 e5 1/2-1/2

[Event "Mistrzostwa Polski Juniorek Mlodszych do lat 14 - OOM Zachodniopomorskie 2023"]
[Site "Darlowek"]
[Date "1899-12-30"]
[Round "6.1"]
[White "Obukhava, Anastasiya"]
[Black "Kawka, Milena"]
[Result "1-0"]
[WhiteTitle "I"]
[BlackTitle "I+"]
[WhiteElo "1610"]
[BlackElo "1522"]

1. d4 Nf6 2. Nf3 d5 3. e3 Bf5 4. b3 e6 5. Bb2 h6 6. Be2 Be7 7. O-O O-O 8. c4 c6
9. Nc3 Nbd7 10. Nd2 Qc7 11. f4 Bb4 12. Rc1 Bxc3 13. Bxc3 Ne4 14. Nxe4 Bxe4 15.
Be1 a5 16. a4 Rfe8 17. g4 g6 18. Bh4 f5 19. Bf3 Bxf3 20. Qxf3 Qd6 21. Qg2 Kh7
22. Qh3 Rg8 23. Kf2 fxg4 24. Qxg4 Raf8 25. c5 Qc7 26. Qxe6 g5 27. Bg3 Rf6 28.
Qh3 g4 29. Qg2 Rf7 30. Bh4 Nf8 31. Kg1 Ng6 32. Bg3 Qe7 33. Rce1 Qf6 34. f5 Nh4
35. Bxh4 Qxh4 36. e4 dxe4 37. Rxe4 Qg5 38. Re5 Qf6 39. Qd2 Rd8 40. Qf4 h5 41.
Rd1 Qh4 42. Re6 Rf6 43. Qc7+ Kg8 44. Qxd8+ 1-0

[Event "Mistrzostwa Polski Juniorek Mlodszych do lat 14 - OOM Zachodniopomorskie 2023"]
[Site "Darlowek"]
[Date "1899-12-30"]
[Round "6.2"]
[White "Natoli, Alessia"]
[Black "Duda, Aleksandra"]
[Result "1-0"]
[WhiteTitle "k"]
[BlackTitle "I++"]
[WhiteElo "1838"]
[BlackElo "1570"]

1. e4 d5 2. exd5 Qxd5 3. Nf3 Nf6 4. d4 a6 5. c4 Qd6 6. Nc3 Nc6 7. Be2 Bg4 8. d5
Bxf3 9. Bxf3 Ne5 10. Be2 e6 11. Qa4+ Ned7 12. dxe6 Qxe6 13. Bf4 Bd6 14. Bxd6 Qxd6
15. Rd1 Qb6 16. Qa3 O-O-O 17. O-O Rhe8 18. b4 Qe6 19. c5 Nb8 20. b5 Rxd1 21. Rxd1
Rd8 22. Rb1 Rd2 23. c6 Rxe2 24. cxb7+ Kxb7 25. bxa6+ Ka8 26. Nxe2 Qxe2 27. a7
Nbd7 28. Qb3 Nb6 29. a4 Qc4 30. Qxc4 Nxc4 31. Rc1 Nd6 32. Rxc7 Nfe8 33. Rd7 f5
34. f3 f4 35. Kf2 h6 36. Ke2 g5 37. Kd2 Nb7 38. Rh7 Kxa7 39. Rxh6 Nbd6 40. h4
gxh4 41. Rxh4 Nc4+ 42. Ke2 Kb6 43. Rxf4 Ncd6 44. g4 Ka5 45. Rd4 Nf7 46. f4 Nf6
47. g5 Nh5 48. g6 Nh8 49. Rd5+ Kxa4 50. Rxh5 Nxg6 51. Kf3 Kb4 52. Rg5 Nf8 53.
f5 Kc5 54. Rg8 Nd7 55. Kf4 Kd6 56. Re8 Nc5 57. f6 Kd7 58. f7 1-0

[Event "Mistrzostwa Polski Juniorek Mlodszych do lat 14 - OOM Zachodniopomorskie 2023"]
[Site "Darlowek"]
[Date "1899-12-30"]
[Round "6.3"]
[White "Gaszka, Zuzanna"]
[Black "Wojs, Alicja"]
[Result "1-0"]
[WhiteTitle "I++"]
[BlackTitle "I++"]
[WhiteElo "1740"]
[BlackElo "1639"]

1. e4 c5 2. Nf3 e6 3. d4 cxd4 4. Nxd4 Nc6 5. a3 Qc7 6. Nc3 a6 7. Be2 Nf6 8. Be3
b5 9. Nxc6 dxc6 10. f4 Bb7 11. Bf3 c5 12. e5 Rd8 13. Qe2 Bxf3 14. Qxf3 Nd5 15.
Ne4 Nxe3 16. Qxe3 Be7 17. O-O O-O 18. Rf3 c4 19. Rh3 Qd7 20. c3 Qc6 21. Qe2 Rd7
22. Re1 Rd3 23. Rxd3 cxd3 24. Qxd3 Rd8 25. Qe2 Qc4 26. Qxc4 bxc4 27. Re2 f5 28.
exf6 gxf6 29. Nd2 Kf7 30. Nxc4 Bc5+ 31. Kf1 Rd1+ 32. Re1 Rd5 33. g3 Ba7 34. Re2
Rc5 35. Nd2 e5 36. fxe5 fxe5 37. Ne4 Rd5 38. Kg2 Rd7 39. Rd2 Rc7 40. Kf3 Bb8 41.
h4 Kg7 42. Ng5 Re7 43. b4 h6 44. Ne4 Ba7 45. Rd6 a5 46. b5 Bb8 47. Ra6 Bc7 48.
Rc6 Rf7+ 49. Kg2 Bd8 50. a4 Rd7 51. Rd6 Rxd6 52. Nxd6 Kf6 53. Kf3 Ke6 54. Nc4
Kd5 55. Ne3+ Ke6 56. Ke4 h5 57. Nd5 Kd6 58. c4 Kc5 59. Kxe5 Kxc4 60. b6 1-0

[Event "Mistrzostwa Polski Juniorek Mlodszych do lat 14 - OOM Zachodniopomorskie 2023"]
[Site "Darlowek"]
[Date "1899-12-30"]
[Round "6.4"]
[White "Moczala, Maja"]
[Black "Klintsevich, Aliaksandra"]
[Result "1/2-1/2"]
[WhiteTitle "I++"]
[BlackTitle "I"]
[WhiteElo "1707"]
[BlackElo "1541"]

1. e4 c5 2. Nf3 d6 3. d4 cxd4 4. Qxd4 a6 5. c4 Nc6 6. Qd2 g6 7. Nc3 Bg7 8. b3 Nf6
9. Bb2 O-O 10. h3 Bd7 11. Bd3 Nb4 12. O-O a5 13. a3 Na6 14. Nd5 Nxd5 15. Bxg7
Kxg7 16. exd5 Nc5 17. Qc3+ Kg8 18. Nd2 e5 19. dxe6 Bxe6 20. Ne4 f5 21. Nxc5 dxc5
22. Rad1 Qb6 23. Be2 Rad8 24. Bf3 Qc7 25. Bd5 Bxd5 26. Rxd5 Rxd5 27. cxd5 Rd8
28. Rd1 Rd6 29. Qc4 b6 30. b4 axb4 31. axb4 Qa7 32. bxc5 bxc5 33. Rc1 Qb7 34.
Ra1 1/2-1/2

[Event "Mistrzostwa Polski Juniorek Mlodszych do lat 14 - OOM Zachodniopomorskie 2023"]
[Site "Darlowek"]
[Date "1899-12-30"]
[Round "6.5"]
[White "Chmielek, Kamelia"]
[Black "Michalska, Lena"]
[Result "1-0"]
[WhiteTitle "I+"]
[BlackTitle "I"]
[WhiteElo "1420"]
[BlackElo "1405"]

1. e4 g6 2. d4 Bg7 3. Nf3 c6 4. Nc3 d5 5. h3 Nf6 6. e5 Nfd7 7. Be3 a6 8. Qd2 h5
9. e6 fxe6 10. Bd3 Nf8 11. Ne5 Bxe5 12. dxe5 Nbd7 13. f4 c5 14. Bf2 Qc7 15. Bh4
b5 16. Qf2 g5 17. Bxg5 Nxe5 18. fxe5 Qxe5+ 19. Qe3 Qxe3+ 20. Bxe3 d4 21. Nxb5
axb5 22. Bxb5+ Bd7 23. Bxd7+ Nxd7 24. Bd2 Rg8 25. Rg1 Ne5 26. Ke2 Nc4 27. Bc1
Rg3 28. a4 Kd7 29. Bf4 Rg6 30. b3 e5 31. Bc1 Na5 32. g4 Rag8 33. Bd2 Nc6 34. g5
Nb4 35. Bxb4 cxb4 36. h4 Rc8 37. Kd2 Kc6 38. Rgf1 Kd5 39. Rf7 Rgc6 40. Rc1 e4
41. Rxe7 e3+ 42. Kd1 d3 43. Rxe3 dxc2+ 44. Kd2 Kd4 45. Rd3+ Ke4 46. a5 Kf5 47.
a6 Kg4 48. Rd4+ Kf3 49. a7 Re6 50. a8=Q+ Rxa8 51. Rxc2 Re2+ 52. Kc1 Re1+ 53. Kb2
Rae8 54. Rxb4 R1e4 55. Rxe4 Rxe4 56. Rc4 Rxc4 57. bxc4 Kg4 58. g6 Kxh4 59. g7
Kh3 60. g8=Q h4 61. c5 Kh2 62. c6 1-0

[Event "Mistrzostwa Polski Juniorek Mlodszych do lat 14 - OOM Zachodniopomorskie 2023"]
[Site "Darlowek"]
[Date "1899-12-30"]
[Round "6.6"]
[White "Wieczorek, Maja"]
[Black "Rusiecki, Katarzyna"]
[Result "0-1"]
[WhiteTitle "I"]
[BlackTitle "I+"]
[WhiteElo "1308"]
[BlackElo "1370"]

1. e4 e6 2. d4 d5 3. Nc3 Nf6 4. Bg5 Bb4 5. a3 Bxc3+ 6. bxc3 h6 7. Bxf6 Qxf6 8.
e5 Qe7 9. Qg4 Kf8 10. Bd3 c5 11. Nh3 c4 12. Be2 Nc6 13. Nf4 g6 14. h4 h5 15. Qf3
Ke8 16. g4 hxg4 17. Qxg4 Kd8 18. h5 Kc7 19. Kd2 gxh5 20. Rxh5 Rxh5 21. Nxh5 b5
22. Nf6 a5 23. Qg7 Bb7 24. Ng8 Qf8 25. Qxf8 Rxf8 26. Nf6 b4 27. axb4 axb4 28.
Rb1 Ra8 29. cxb4 Nxd4 30. Bh5 Ra2 31. Bd1 Bc6 32. Ng4 Ba4 33. Ne3 Nb5 34. f3 Na3
35. Rc1 Kc6 36. Ke1 d4 37. Ng4 Nxc2+ 38. Bxc2 Rxc2 39. Rd1 d3 40. Rd2 Rc1+ 41.
Kf2 Bc2 42. Ke3 Kb5 43. Nh6 Kxb4 44. Nxf7 Kc3 45. Rg2 Re1+ 46. Kf4 d2 47. Rxd2
Kxd2 48. Ng5 Bf5 0-1

[Event "Mistrzostwa Polski Juniorek Mlodszych do lat 14 - OOM Zachodniopomorskie 2023"]
[Site "Darlowek"]
[Date "1899-12-30"]
[Round "6.7"]
[White "Konkol, Sandra"]
[Black "Oszutowska, Anna"]
[Result "1-0"]
[WhiteTitle "I+"]
[BlackTitle "I"]
[WhiteElo "1468"]
[BlackElo "1299"]

1. e4 c5 2. Nc3 Nc6 3. g3 g6 4. Bg2 Bg7 5. d3 e6 6. Be3 d6 7. Qd2 Rb8 8. Nge2 Nd4
9. O-O b5 10. Nd1 Bb7 11. c3 Nxe2+ 12. Qxe2 Ne7 13. Qd2 O-O 14. Bh6 d5 15. Bxg7
Kxg7 16. exd5 Bxd5 17. Bxd5 Qxd5 18. Ne3 Qd7 19. Rad1 Rfd8 20. Rfe1 Nc6 21. Ng4
Qe7 22. Qh6+ Kg8 23. h4 f5 24. Ne5 Nxe5 25. Rxe5 Rd5 26. Rde1 Rxe5 27. Rxe5 Rb6
28. h5 gxh5 29. Qxh5 Qd6 30. Qe8+ Kg7 31. d4 cxd4 32. cxd4 Qf8 33. Rxe6 Qxe8 34.
Rxe8 Rd6 35. Re7+ Kg6 36. Rxa7 Rxd4 37. Rb7 b4 38. Kg2 h5 39. Kf3 Kg5 40. Ke3
Re4+ 41. Kd3 Kg4 42. Rg7+ Kf3 43. Rg5 Re5 44. Rxh5 Kxf2 45. Rg5 Re3+ 46. Kc4 b3
47. Rxf5+ Kxg3 48. a4 Kg4 49. Rf1 Kg5 50. a5 Re5 51. Ra1 Kf6 52. a6 Re8 53. a7
Ra8 54. Kc5 Ke6 55. Kc6 Ke7 56. Kb7 Rd8 57. a8=Q 1-0

[Event "Mistrzostwa Polski Juniorek Mlodszych do lat 14 - OOM Zachodniopomorskie 2023"]
[Site "Darlowek"]
[Date "1899-12-30"]
[Round "6.8"]
[White "Borowik, Monika"]
[Black "Babinska, Liwia"]
[Result "1/2-1/2"]
[WhiteTitle "I"]
[BlackTitle "I"]
[WhiteElo "1372"]
[BlackElo "1294"]

1. d4 d5 2. c4 c6 3. Nc3 Nf6 4. Nf3 dxc4 5. a4 Bf5 6. Nh4 Bg6 7. Nxg6 hxg6 8. e4
e6 9. Bxc4 Bb4 10. f3 Nbd7 11. Be3 Qc7 12. g3 e5 13. Bxf7+ Kxf7 14. Qb3+ Ke8 15.
Qxb4 exd4 16. Qxd4 Ne5 17. O-O Qe7 18. Bf4 Nf7 19. e5 Nh5 20. e6 Nd8 21. Ne4 Nxf4
22. Nd6+ Kf8 23. Qxf4+ Kg8 24. Rfe1 Rh5 25. Rad1 g5 26. Qf5 Rh6 27. Nf7 Rxe6 28.
Rxe6 Nxe6 29. Ne5 Rd8 30. Rxd8+ Nxd8 31. Ng6 Qf6 32. Qe4 Ne6 33. Ne5 Qe7 34. Nd3
Qd6 35. Qc4 Kh8 36. Kg2 Nc7 37. Qb3 b6 38. Qc3 Qe6 39. Ne5 Nd5 40. Qd4 c5 41.
Qe4 Nc7 42. Ng6+ Kg8 43. Qxe6+ Nxe6 44. Ne7+ Kf7 45. Nc8 c4 46. Nxa7 Nc5 47. a5
bxa5 48. Nc6 Nd3 49. Nxa5 Nxb2 50. Kf1 c3 51. Ke2 Ke6 52. Ke3 Ke5 53. f4+ gxf4+
54. gxf4+ Kd5 55. Nb3 Nc4+ 1/2-1/2

[Event "Mistrzostwa Polski Juniorek Mlodszych do lat 14 - OOM Zachodniopomorskie 2023"]
[Site "Darlowek"]
[Date "1899-12-30"]
[Round "6.9"]
[White "Palejko, Gabriela"]
[Black "Kucia, Kinga"]
[Result "1/2-1/2"]
[WhiteTitle "I"]
[BlackTitle "I"]
[WhiteElo "1344"]
[BlackElo "1253"]

1. e4 c5 2. Nf3 Nc6 3. d4 cxd4 4. Nxd4 g6 5. Nc3 Bg7 6. Be3 Nf6 7. Bc4 O-O 8. Bb3
d6 9. f3 Bd7 10. Qd2 Na5 11. Bh6 Rc8 12. Bxg7 Kxg7 13. O-O-O Nxb3+ 14. Nxb3 b5
15. h4 h5 16. Nd5 Nxd5 17. exd5 Rc4 18. Nd4 Qb6 19. Kb1 a5 20. Qe3 Qc5 21. b3
Qb4 22. Rd3 Rc7 23. g4 Rh8 24. gxh5 Rxh5 25. Qxe7 Re5 26. Ne6+ Bxe6 27. Qxc7 Bf5
28. Rdd1 a4 29. Ka1 a3 30. Rh2 Re7 31. Qc6 Bd7 32. Qc7 Bf5 33. Qc6 Bd7 34. Qc7
Bf5 35. Qc6 1/2-1/2

[Event "Mistrzostwa Polski Juniorek Mlodszych do lat 14 - OOM Zachodniopomorskie 2023"]
[Site "Darlowek"]
[Date "1899-12-30"]
[Round "6.10"]
[White "Walewska, Natalia"]
[Black "Pawlikowska, Ewa"]
[Result "1/2-1/2"]
[WhiteTitle "I"]
[BlackTitle "I"]
[WhiteElo "1297"]
[BlackElo "1343"]

1. e4 c5 2. Nf3 d6 3. d4 cxd4 4. Nxd4 Nf6 5. Nc3 a6 6. Nb3 b5 7. Bd3 Bb7 8. a3
e6 9. O-O Be7 10. f4 Nbd7 11. Bd2 O-O 12. Qf3 Rc8 13. Rae1 Nc5 14. Qh3 Nxd3 15.
cxd3 e5 16. d4 exf4 17. Bxf4 d5 18. e5 Ne4 19. Nxe4 dxe4 20. Rc1 Bd5 21. Nd2 Rxc1
22. Rxc1 Bg5 23. Qe3 Bxf4 24. Qxf4 f5 25. h4 Qb6 26. Rc5 Be6 27. g3 Rd8 28. Qe3
a5 29. b4 axb4 30. axb4 Qa6 31. Qc3 Bd5 32. Kf2 h6 33. Qe3 Bf7 34. Qc3 Bd5 35.
Rc7 Qa2 36. Ke3 Bf7 37. Rc8 Qd5 38. Rxd8+ Qxd8 39. Qc6 Qb8 40. Kf4 g6 41. Nf1
Be8 42. Qc5 Qa8 43. Qc3 Qa2 44. Qd2 Qb1 45. Ne3 Bf7 46. d5 Qh1 47. Qf2 Qb1 48.
Qd2 Qh1 49. Qf2 Qb1 50. e6 Be8 51. Qd2 Qh1 52. d6 Qf3+ 53. Ke5 Qxg3+ 54. Kd5 Qxh4
55. d7 Qd8 56. Ke5 Qc7+ 57. Qd6 Qc3+ 58. Qd4 Qc7+ 59. Qd6 Qc3+ 60. Qd4 Qc7+ 61.
Kf6 1/2-1/2

[Event "Mistrzostwa Polski Juniorek Mlodszych do lat 14 - OOM Zachodniopomorskie 2023"]
[Site "Darlowek"]
[Date "1899-12-30"]
[Round "6.11"]
[White "Kicinska, Anna"]
[Black "Nowak, Emilia"]
[Result "1-0"]
[WhiteTitle "I++"]
[BlackTitle "I"]
[WhiteElo "1424"]
[BlackElo "1252"]

1. d4 d5 2. Nf3 e6 3. Bf4 c5 4. c3 Nc6 5. e3 Bd6 6. Bg3 Nf6 7. Bd3 O-O 8. Nbd2
Re8 9. Ne5 Bxe5 10. dxe5 Nd7 11. Nf3 Qc7 12. O-O Ndxe5 13. Nxe5 Nxe5 14. Qh5 g6
15. Qxe5 Qxe5 16. Bxe5 c4 17. Bc2 b5 18. a3 a6 19. Rfe1 Bb7 20. h3 Bc6 21. Bd1
Rad8 22. Bf3 Rd7 23. e4 Red8 24. Bf6 Rc8 25. exd5 Bxd5 26. Bxd5 Rxd5 27. Rad1
Rf5 28. Rd8+ Rxd8 29. Bxd8 Rd5 30. Bf6 Rd2 31. Kf1 Kf8 32. Rb1 Ke8 33. Ke1 Rd5
34. Rd1 Kd7 35. Rxd5+ exd5 36. Ke2 Ke6 37. Bd4 f5 38. Ke3 g5 39. g3 Ke7 40. Be5
Kf7 41. Kd4 Ke6 42. Bb8 h5 43. Bc7 h4 44. gxh4 gxh4 45. Bd8 1-0

[Event "Mistrzostwa Polski Juniorek Mlodszych do lat 14 - OOM Zachodniopomorskie 2023"]
[Site "Darlowek"]
[Date "1899-12-30"]
[Round "6.12"]
[White "Nurkiewicz, Anna"]
[Black "Lukasik, Aleksandra"]
[Result "1/2-1/2"]
[WhiteTitle "I+"]
[BlackTitle "I"]
[WhiteElo "1361"]
[BlackElo "1236"]

1. d4 d5 2. c4 e6 3. Nc3 a6 4. cxd5 exd5 5. Bf4 Nf6 6. e3 Bd6 7. Bg3 Bxg3 8. hxg3
Be6 9. Bd3 h6 10. Rc1 b6 11. Na4 O-O 12. Ne2 Ra7 13. Nf4 Qd7 14. Nxe6 Qxe6 15.
Qf3 Ne4 16. Nc3 Re8 17. b4 Nc6 18. a3 Nxc3 19. Rxc3 Nxd4 20. Qd1 Qe5 21. Qc1 Ne6
22. Kf1 d4 23. exd4 Qxd4 24. Rh4 Qd6 25. Qd1 Rd8 26. Qg4 Qe5 27. Rb3 Qa1+ 28.
Rb1 Qxa3 29. Bf5 Rd4 30. Qe2 Rd6 31. Re4 Kf8 32. Re1 Qb3 33. Re3 Qd5 34. Re5 Qb3
35. Re3 1/2-1/2

[Event "Mistrzostwa Polski Juniorek Mlodszych do lat 14 - OOM Zachodniopomorskie 2023"]
[Site "Darlowek"]
[Date "1899-12-30"]
[Round "6.13"]
[White "Miklosz, Malgorzata"]
[Black "Opalka, Marta"]
[Result "1/2-1/2"]
[WhiteTitle "I"]
[BlackTitle "I"]
[WhiteElo "1226"]
[BlackElo "1330"]

1. e4 e6 2. d4 d5 3. Bd3 dxe4 4. Bxe4 Nf6 5. Bf3 Be7 6. Ne2 O-O 7. O-O c5 8. Be3
cxd4 9. Nxd4 a6 10. Nc3 Nbd7 11. a4 Ne5 12. Be2 Qc7 13. f4 Nc4 14. Bxc4 Qxc4 15.
Qf3 Rd8 16. Nde2 Bd7 17. h3 Bc6 18. Qf2 Rac8 19. Ng3 Nd5 20. Nxd5 Bxd5 21. Rfc1
Bf6 22. c3 Bh4 23. Bd4 Be4 24. Qe3 Bxg3 25. Qxe4 Qd5 26. Qe3 Bh4 27. Qe2 Qf5 28.
Qf3 Rc6 29. Rd1 Rcd6 30. Kh1 h6 31. b4 Bf6 32. Bxf6 Rxd1+ 33. Rxd1 Rxd1+ 34. Qxd1
Qxf6 35. Qc1 Qe7 36. a5 Qc7 37. Kg1 Qc4 38. Kf2 Qd3 39. Qe3 Qc2+ 40. Kg3 Qg6+
41. Kh2 Qf5 42. Qc1 Qd3 43. Kg1 Kh7 44. Kf2 Kg8 45. Qe3 Qc2+ 46. Kf3 Qd1+ 47.
Kg3 Qd5 48. Kf2 Qa2+ 49. Qe2 Qd5 50. Ke3 Qc6 51. Qd2 Qc7 52. Kd3 e5 53. fxe5 Qxe5
54. Kc2 Qe4+ 55. Kb2 Qc6 56. Kb3 Qe6+ 57. Ka3 Qe5 58. Qc2 Kf8 1/2-1/2

[Event "Mistrzostwa Polski Juniorek Mlodszych do lat 14 - OOM Zachodniopomorskie 2023"]
[Site "Darlowek"]
[Date "1899-12-30"]
[Round "6.14"]
[White "Wrona, Faustyna"]
[Black "Branka, Julia"]
[Result "1/2-1/2"]
[WhiteTitle "II+"]
[BlackTitle "I"]
[WhiteElo "1046"]
[BlackElo "1324"]

1. e4 g6 2. c3 Bg7 3. d4 d6 4. Nf3 Nd7 5. Bf4 e6 6. Bc4 Ne7 7. O-O O-O 8. Ng5 d5
9. exd5 Nxd5 10. Bxd5 exd5 11. Nd2 Nf6 12. h3 c6 13. Nb3 Bf5 14. Be5 Re8 15. Nc5
b6 16. Nb7 Qd7 17. Nd6 Re7 18. Qf3 Be4 19. Ndxe4 Nxe4 20. Nxe4 dxe4 21. Qf4 Bxe5
22. dxe5 Qd5 23. Rfe1 Qxe5 24. Qxe5 Rxe5 25. f3 f5 26. fxe4 Rxe4 27. Rxe4 fxe4
28. Re1 Re8 29. Kf2 Kf7 30. Ke3 Ke6 31. Rd1 Rf8 32. Rd2 g5 33. Kxe4 Rf4+ 34. Ke3
h6 35. Rd4 Rxd4 36. Kxd4 c5+ 37. Ke3 Kf5 38. g3 h5 39. b3 Ke5 40. a3 b5 41. b4
cxb4 42. axb4 Kd5 43. Kd3 a6 44. Kd2 Ke4 45. Ke2 h4 46. g4 1/2-1/2

[Event "Mistrzostwa Polski Juniorek Mlodszych do lat 14 - OOM Zachodniopomorskie 2023"]
[Site "Darlowek"]
[Date "1899-12-30"]
[Round "6.15"]
[White "Kretowicz, Daria"]
[Black "Gajda, Anna"]
[Result "0-1"]
[WhiteTitle "I"]
[BlackTitle "I"]
[WhiteElo "1163"]
[BlackElo "1248"]

1. e4 e6 2. d4 d5 3. exd5 exd5 4. Bd3 Nc6 5. c3 Bd6 6. Nf3 Nge7 7. O-O Bf5 8. Re1
Qd7 9. Qc2 O-O-O 10. Be3 Bxd3 11. Qxd3 Nf5 12. Nbd2 Nce7 13. a4 h6 14. b4 g5 15.
Nb3 Nh4 16. Bd2 Qg4 17. Nxh4 Qxh4 18. g3 Qg4 19. Qe2 Qxe2 20. Rxe2 Rdf8 21. b5
f5 22. f3 f4 23. g4 Ng6 24. a5 Re8 25. Rxe8+ Rxe8 26. Re1 Rxe1+ 27. Bxe1 Nh8 28.
Kf2 Nf7 29. h3 Ba3 30. a6 b6 31. Ke2 Nd6 32. Kd3 Kd7 33. Nd2 Nxb5 34. Nb1 Bf8
35. Nd2 Bg7 36. Nb3 Nd6 37. Nd2 Kc6 38. c4 Nxc4 39. Nxc4 dxc4+ 40. Kxc4 b5+ 41.
Kd3 Kb6 42. Bb4 Kxa6 43. Bc5 Kb7 44. Kc3 a5 45. Kb3 Kc6 46. Kc3 Kd5 47. Ba7 b4+
0-1